| 000 | 01529nam a2200361 i 4500 | ||
|---|---|---|---|
| 003 | OSt | ||
| 005 | 20260216105321.0 | ||
| 008 | 260216s2026 ua ||||| |||| 00| f ara d | ||
| 017 |
_a2026/1538 _bمصر.دار الكتب |
||
| 020 |
_a9789778912357 _qغلاف ورقي |
||
| 040 |
_auoc _bara _cuoc _erda |
||
| 041 | 1 |
_aara _heng |
|
| 082 | 0 | 4 |
_223 _a813 _bAHM |
| 100 | 1 |
_aالناعوق، أحمد _eمحرر. _94670 |
|
| 240 | 1 | 0 |
_aWe are not numbers: The voices of Gaza's youth/ _lاللغة العربية. |
| 245 | 0 | 0 |
_aلسنا أرقاما: _bأصوات شباب غزة/ _cتحرير أحمد الناعوق، بام بايلي، شريف بكر؛ ترجمة محمدفؤاد؛ مراجعة لغوية خالد رجب. |
| 250 | _aالطبعة الأولى. | ||
| 264 | 1 |
_aالقاهرة : _bالعربي للنشر والتوزيع، _c2026. |
|
| 264 | 4 | _c© العربي للنشر والتوزيع. | |
| 300 |
_a336 صفحة ; _c20 سم. |
||
| 337 |
_2نوع المحتوى _aنص |
||
| 338 |
_2نوع الوسيط _aدون وسيط |
||
| 347 |
_2نوع الحامل _aمجلد |
||
| 500 | _aتصميم الغلاف: منة مصطفى. | ||
| 650 | 4 |
_aالمقاومة _zفلسطين _94671 |
|
| 650 | 4 |
_aغزة _zفلسطين _94672 |
|
| 650 | 4 |
_aالانتفاضة _zفلسطين _94673 |
|
| 700 | 0 | 1 |
_aبايلي، بام _eمحرر. _94674 |
| 700 | 0 | 1 |
_aفؤاد، محمد _eمترجم. _94675 |
| 700 | 0 | 1 |
_aبكر، شريف _eمحرر. |
| 700 | 0 | 1 |
_aرجب، خالد _eمراجع لغوي. _94676 |
| 942 |
_2ddc _cBK |
||
| 999 |
_c1870 _d1870 |
||